[Event "35t. Copenhagen Open (Politiken Cup)"]
[Site "Elsinore"]
[Date "2013.08.01"]
[Round "7"]
[White "Helin, Mikael"]
[Black "Johansson, Alexander"]
[Result "0-1"]
[WhiteElo "1910"]
[BlackElo "2022"]
[PlyCount "74"]
[EventDate "2013.07.27"]
[EventType "swiss"]
[EventRounds "10"]
[EventCountry "DEN"]
[Source "ChessBase"]
[SourceDate "2013.08.26"]

1. e4 c5 2. Nc3 Nc6 3. g3 Nf6 4. Bg2 e6 5. Nge2 d5 6. exd5 exd5 7. d4 Be6 8.
O-O Be7 9. dxc5 Bxc5 10. Nf4 d4 11. Ne4 Be7 12. Nxe6 fxe6 13. Ng5 Qd6 14. Bh3
Nd8 15. Qe2 O-O 16. Bf4 Qb6 17. Rae1 Bb4 18. Bxe6+ Kh8 19. Bb3 Bxe1 20. Rxe1 h6
21. Qe7 Nc6 22. Nf7+ Kh7 23. Qe2 Rae8 24. Qd3+ g6 25. Rd1 Qa5 26. Bd2 Qh5 27.
c3 Rxf7 28. h4 Ne5 29. Qf1 Nf3+ 30. Kg2 Nxh4+ 31. gxh4 Qg4+ 32. Kh1 Qxh4+ 33.
Kg1 Ng4 34. Qg2 Rxf2 35. Bd5 Rxg2+ 36. Bxg2 Qf2+ 37. Kh1 Re2 0-1

[Event "35t. Copenhagen Open (Politiken Cup)"]
[Site "Elsinore"]
[Date "2013.08.01"]
[Round "7"]
[White "Henrichsen, Jens"]
[Black "Olofsson Dolk, Mattis"]
[Result "1-0"]
[WhiteElo "1937"]
[BlackElo "2113"]
[PlyCount "139"]
[EventDate "2013.07.27"]
[EventType "swiss"]
[EventRounds "10"]
[EventCountry "DEN"]
[Source "ChessBase"]
[SourceDate "2013.08.26"]

1. d4 Nf6 2. c4 g6 3. Nc3 d5 4. e3 Bg7 5. Qb3 e6 6. Qa3 Nc6 7. Nf3 Ne7 8. Be2
O-O 9. O-O b6 10. Ne5 Bb7 11. b4 Nd7 12. Nxd7 Qxd7 13. Bf3 Nf5 14. cxd5 exd5
15. Qb3 Rad8 16. a4 c6 17. Ba3 Rfe8 18. b5 c5 19. dxc5 bxc5 20. Bxc5 Rc8 21.
Bb4 Nh4 22. Rad1 Nxf3+ 23. gxf3 Qh3 24. Ne2 Qxf3 25. Nd4 Bxd4 26. Rxd4 Re5 27.
Bd6 Rg5+ 28. Bg3 Rc4 29. Qd1 Qf5 30. Kg2 Qc8 31. h4 Rf5 32. Kh2 Rc2 33. Rd2
Rxd2 34. Qxd2 Qc4 35. Ra1 Qg4 36. Qd4 Qe2 37. Kg1 Qf3 38. a5 Qe4 39. Qxe4 dxe4
40. a6 Bc8 41. b6 axb6 42. a7 Bb7 43. a8=Q+ Bxa8 44. Rxa8+ Kg7 45. Re8 Rd5 46.
Rxe4 Rd7 47. Rb4 Rb7 48. Rb5 f5 49. Be5+ Kh6 50. Kg2 Kh5 51. Kh3 h6 52. Bd4 Rc7
53. Rxb6 Rc1 54. Ra6 Rh1+ 55. Kg2 Rc1 56. Ra1 Rc2 57. Be5 Rc4 58. Bf4 Rc2 59.
Ra8 Kxh4 60. Bxh6 g5 61. Ra4+ Kh5 62. Bg7 Rc5 63. Bd4 Rb5 64. Rc4 Rb7 65. Rc5
Rf7 66. Rc8 f4 67. exf4 Rxf4 68. Be3 Rf5 69. Kg3 Ra5 70. Rc5 1-0

[Event "35t. Copenhagen Open (Politiken Cup)"]
[Site "Elsinore"]
[Date "2013.08.01"]
[Round "7"]
[White "Hinrichs, Lars"]
[Black "Schou Moldt, Thomas"]
[Result "0-1"]
[WhiteElo "1997"]
[BlackElo "2202"]
[PlyCount "44"]
[EventDate "2013.07.27"]
[EventType "swiss"]
[EventRounds "10"]
[EventCountry "DEN"]
[Source "ChessBase"]
[SourceDate "2013.08.26"]

1. e4 c5 2. Nf3 d6 3. d4 cxd4 4. Nxd4 Nf6 5. Nc3 g6 6. Be3 Bg7 7. Be2 Nc6 8.
Nb3 O-O 9. f4 Be6 10. g4 a5 11. g5 Nd7 12. Nd4 Bh3 13. Kf2 Nxd4 14. Bxd4 e5 15.
Be3 exf4 16. Bxf4 Qb6+ 17. Be3 Qxb2 18. Bd4 Bxd4+ 19. Qxd4 Nc5 20. Ke3 Ne6 21.
Qf6 Rac8 22. Kd2 Nxg5 0-1

[Event "35t. Copenhagen Open (Politiken Cup)"]
[Site "Elsinore"]
[Date "2013.08.01"]
[Round "7"]
[White "Jacobsen, Caroline Beer"]
[Black "Svendsen, Petter"]
[Result "0-1"]
[WhiteElo "1585"]
[BlackElo "1974"]
[PlyCount "68"]
[EventDate "2013.07.27"]
[EventType "swiss"]
[EventRounds "10"]
[EventCountry "DEN"]
[Source "ChessBase"]
[SourceDate "2013.08.26"]

1. c4 g6 2. g3 Bg7 3. Bg2 d6 4. e4 Nc6 5. Ne2 Nf6 6. Nbc3 O-O 7. O-O e5 8. d3
Be6 9. Rb1 Qd7 10. b4 Bg4 11. f3 Bh3 12. Be3 Nh5 13. Nd5 Bxg2 14. Kxg2 f5 15.
h3 f4 16. gxf4 exf4 17. Nexf4 Nxf4+ 18. Nxf4 Nd4 19. Ne2 Nxf3 20. Qb3 Nh4+ 21.
Kh2 Be5+ 22. Bf4 Rxf4 23. Nxf4 g5 24. d4 Bxf4+ 25. Kh1 Re8 26. c5+ Qe6 27.
Qxe6+ Rxe6 28. cxd6 cxd6 29. Rbe1 Ng6 30. b5 Re7 31. Re2 Rc7 32. Kg2 Rc3 33.
Rh1 Bg3 34. Kg1 Nf4 0-1

[Event "35t. Copenhagen Open (Politiken Cup)"]
[Site "Elsinore"]
[Date "2013.08.01"]
[Round "7"]
[White "Jacobsen, Mikkel Manosri"]
[Black "Haagen Larsen, Hans"]
[Result "1-0"]
[WhiteElo "1928"]
[BlackElo "1712"]
[PlyCount "101"]
[EventDate "2013.07.27"]
[EventType "swiss"]
[EventRounds "10"]
[EventCountry "DEN"]
[Source "ChessBase"]
[SourceDate "2013.08.26"]

1. d4 d6 2. Nf3 g6 3. Bf4 Bg7 4. e3 Nc6 5. Be2 e5 6. Bg3 e4 7. Nfd2 f5 8. c4
Nf6 9. Nc3 O-O 10. O-O Ne7 11. Qc2 c6 12. b4 d5 13. c5 g5 14. h4 gxh4 15. Bxh4
Ng6 16. Bg5 Kh8 17. g3 h6 18. Bxf6 Bxf6 19. Bh5 Rg8 20. Ne2 Qc7 21. Kh2 Bd7 22.
Rg1 Nf8 23. Nf4 Be8 24. Qd1 Qd7 25. Nb3 Rg5 26. Qe2 Ne6 27. Bxe8 Qxe8 28. Nxe6
Qxe6 29. Rg2 Kg7 30. Rh1 Qf7 31. Kg1 Rg6 32. a4 b6 33. Kh2 Rg5 34. Rb1 h5 35.
Qa6 Bd8 36. cxb6 h4 37. b7 Rb8 38. Nc5 hxg3+ 39. fxg3 Bb6 40. a5 Bc7 41. Qxc6
Rh8+ 42. Kg1 Rg6 43. Qd7 Bxg3 44. Rf1 Bh2+ 45. Kf2 Bb8 46. Qxf7+ Kxf7 47. Rfg1
Rxg2+ 48. Rxg2 f4 49. exf4 Bxf4 50. Ke2 Rb8 51. Rf2 1-0

[Event "35t. Copenhagen Open (Politiken Cup)"]
[Site "Elsinore"]
[Date "2013.08.01"]
[Round "7"]
[White "Jacobsen, Per"]
[Black "Satre, Roger"]
[Result "0-1"]
[WhiteElo "1641"]
[BlackElo "1833"]
[PlyCount "72"]
[EventDate "2013.07.27"]
[EventType "swiss"]
[EventRounds "10"]
[EventCountry "DEN"]
[Source "ChessBase"]
[SourceDate "2013.08.26"]

1. b3 d5 2. Bb2 Bf5 3. Nf3 Nf6 4. e3 e6 5. Be2 Bd6 6. O-O Nc6 7. a3 Qe7 8. d4
Ne4 9. c4 Qf6 10. c5 Be7 11. Bb5 Bg4 12. Be2 Bxc5 13. b4 Bd6 14. Qa4 Qh6 15. g3
Qf6 16. b5 Bxf3 17. Bxf3 Qxf3 18. bxc6 b6 19. Nc3 Nxc3 20. Bxc3 Qf6 21. Bb4 Qe7
22. Rfe1 f5 23. Qb3 a5 24. Bd2 O-O 25. a4 g5 26. f4 Qg7 27. Qb5 gxf4 28. exf4
Qxd4+ 29. Be3 Qg7 30. Rad1 Qg6 31. Bd2 h5 32. Qe2 Rae8 33. Kh1 Qg4 34. Qg2 Kf7
35. Qf2 Rg8 36. Qd4 Qf3+ 0-1

[Event "35t. Copenhagen Open (Politiken Cup)"]
[Site "Elsinore"]
[Date "2013.08.01"]
[Round "7"]
[White "Jarlnaes, Erik"]
[Black "Egholm, Leif"]
[Result "1-0"]
[WhiteElo "1961"]
[BlackElo "1793"]
[PlyCount "113"]
[EventDate "2013.07.27"]
[EventType "swiss"]
[EventRounds "10"]
[EventCountry "DEN"]
[Source "ChessBase"]
[SourceDate "2013.08.26"]

1. e4 d5 2. exd5 Qxd5 3. Nc3 Qa5 4. d4 c6 5. Bc4 Bf5 6. Nf3 Nf6 7. O-O e6 8.
Re1 Be7 9. a3 Nbd7 10. Bf4 O-O 11. Qe2 h6 12. Ne5 Nb6 13. b4 Bxb4 14. axb4 Qxb4
15. Na2 Qb2 16. c3 Nxc4 17. Qxc4 Nd5 18. Bg3 a5 19. Qe2 Qb3 20. Rec1 Rfd8 21.
Nd3 Qb6 22. Nc5 Qa7 23. c4 Ne7 24. Bc7 Rxd4 25. Qb2 Rxc4 26. Rxc4 b5 27. Rd4
Qxc5 28. Bd6 Qa7 29. Bxe7 Qxe7 30. Rad1 Qg5 31. h4 Qf6 32. Qd2 Kh7 33. Rd8 Ra7
34. Qd4 Qe7 35. Rd7 Rxd7 36. Qxd7 Qa3 37. Rd2 Be4 38. Qd4 Bd5 39. Qc3 Qa4 40.
Qd3+ Kg8 41. Nc3 Qxh4 42. Nxd5 exd5 43. Qc3 Qb4 44. Rc2 Qxc3 45. Rxc3 b4 46.
Rxc6 a4 47. Ra6 a3 48. Ra4 d4 49. Rxb4 d3 50. Kf1 g5 51. Ra4 f5 52. Rxa3 h5 53.
Ke1 h4 54. Kd2 f4 55. f3 g4 56. fxg4 f3 57. gxf3 1-0

[Event "35t. Copenhagen Open (Politiken Cup)"]
[Site "Elsinore"]
[Date "2013.08.01"]
[Round "7"]
[White "Jensen, Michael Agermose"]
[Black "Bjornes, Leif"]
[Result "0-1"]
[WhiteElo "2066"]
[BlackElo "1918"]
[PlyCount "80"]
[EventDate "2013.07.27"]
[EventType "swiss"]
[EventRounds "10"]
[EventCountry "DEN"]
[Source "ChessBase"]
[SourceDate "2013.08.26"]

1. e4 c6 2. d4 d5 3. e5 Bf5 4. Nc3 e6 5. g4 Bg6 6. Nge2 f6 7. h4 fxe5 8. h5 Bf7
9. dxe5 Nd7 10. f4 Qb6 11. Nd4 c5 12. Nf3 Ne7 13. Kf2 Nc6 14. Kg3 Be7 15. g5
O-O-O 16. a3 Kb8 17. b4 cxb4 18. axb4 Bxb4 19. Nb5 Nc5 20. Nfd4 Ne4+ 21. Kf3
Nxd4+ 22. Nxd4 Nd2+ 23. Bxd2 Qxd4 24. Bd3 Bxh5+ 25. Rxh5 Bxd2 26. Qxd2 Qxa1 27.
Qh2 Qd1+ 28. Kg3 Qe1+ 29. Kg4 h6 30. f5 Qd1+ 31. Kg3 Qa1 32. Kf3 exf5 33. e6+
Ka8 34. Bxf5 Rdf8 35. gxh6 Qd1+ 36. Ke3 d4+ 37. Ke4 Qe1+ 38. Kd3 Qe3+ 39. Kc4
Rc8+ 40. Kb4 Qc3+ 0-1

[Event "35t. Copenhagen Open (Politiken Cup)"]
[Site "Elsinore"]
[Date "2013.08.01"]
[Round "7"]
[White "Jensen, Soren Holm"]
[Black "Rendlev, Niels Moller"]
[Result "1-0"]
[WhiteElo "2004"]
[BlackElo "1843"]
[PlyCount "97"]
[EventDate "2013.07.27"]
[EventType "swiss"]
[EventRounds "10"]
[EventCountry "DEN"]
[Source "ChessBase"]
[SourceDate "2013.08.26"]

1. e4 e6 2. d4 d5 3. Nd2 Nf6 4. e5 Nfd7 5. f4 c5 6. c3 cxd4 7. cxd4 Nc6 8. Ndf3
Bb4+ 9. Kf2 O-O 10. g3 f6 11. Bh3 Qe7 12. Kg2 fxe5 13. fxe5 Qf7 14. Be3 Be7 15.
Qd2 Nb6 16. b3 Bd7 17. Rf1 Rac8 18. Ne2 Nb4 19. Nc3 Qg6 20. Ne1 a5 21. Rxf8+
Rxf8 22. a4 Nc6 23. Qd3 Qe8 24. Rf1 Bb4 25. Nb5 Nc8 26. Rxf8+ Qxf8 27. Nf3 N6e7
28. Nc7 Nf5 29. Bxf5 Qxf5 30. Qxf5 exf5 31. Nxd5 Be6 32. Nxb4 axb4 33. Nd2 Nb6
34. Kf2 Kf7 35. Ke2 Ke7 36. Kd3 Nd5 37. Bg5+ Kd7 38. Nc4 Nc7 39. Bd2 Nd5 40.
Kc2 Kc6 41. Nb2 Kb6 42. h4 h6 43. Nc4+ Kc6 44. Nd6 Bd7 45. Kd3 Be6 46. Ne8 Ne7
47. Bxb4 Bxb3 48. Bxe7 Kd7 49. Nxg7 1-0

[Event "35t. Copenhagen Open (Politiken Cup)"]
[Site "Elsinore"]
[Date "2013.08.01"]
[Round "7"]
[White "Johansen, Stian"]
[Black "Holm, Kristian Stuvik"]
[Result "1/2-1/2"]
[WhiteElo "2085"]
[BlackElo "2255"]
[PlyCount "50"]
[EventDate "2013.07.27"]
[EventType "swiss"]
[EventRounds "10"]
[EventCountry "DEN"]
[Source "ChessBase"]
[SourceDate "2013.08.26"]

1. e4 c5 2. Nf3 g6 3. d4 cxd4 4. Nxd4 Bg7 5. Nc3 Nc6 6. Be3 Nf6 7. Bc4 O-O 8.
Bb3 a5 9. f3 d5 10. exd5 Nb4 11. Nde2 a4 12. Nxa4 Nfxd5 13. Bd4 Bf5 14. Bxg7
Bxc2 15. Bxc2 Ne3 16. Qxd8 Nexc2+ 17. Kf2 Rfxd8 18. Nb6 Kxg7 19. Nxa8 Nxa1 20.
Rxa1 Rxa8 21. Nc3 Nd3+ 22. Kg3 Nxb2 23. Rb1 Na4 24. Nxa4 Rxa4 25. Rxb7 Rxa2
1/2-1/2

[Event "35t. Copenhagen Open (Politiken Cup)"]
[Site "Elsinore"]
[Date "2013.08.01"]
[Round "7"]
[White "Jorgensen, Dennis"]
[Black "Svedberg, Hans"]
[Result "1-0"]
[WhiteElo "2245"]
[BlackElo "2011"]
[PlyCount "105"]
[EventDate "2013.07.27"]
[EventType "swiss"]
[EventRounds "10"]
[EventCountry "DEN"]
[Source "ChessBase"]
[SourceDate "2013.08.26"]

1. d4 Nf6 2. c4 g6 3. g3 c6 4. Bg2 d5 5. cxd5 cxd5 6. Nf3 Bg7 7. O-O O-O 8. Ne5
Ng4 9. Nxg4 Bxg4 10. Nc3 Nc6 11. h3 Be6 12. e3 Qd7 13. Kh2 Rfd8 14. Bd2 b6 15.
Qa4 Rac8 16. Rfc1 Qb7 17. Ne2 f5 18. Rc2 Bf7 19. Rac1 b5 20. Qb3 e6 21. Nf4 Bf8
22. Nd3 Be8 23. Nc5 Bxc5 24. Rxc5 Ne7 25. Ba5 Rxc5 26. Rxc5 Rc8 27. Qc2 Rxc5
28. Qxc5 Nc6 29. Bd2 Kf7 30. Bf1 a6 31. Bg2 Qe7 32. Qc3 Qd6 33. a3 Bd7 34. f4
Ke8 35. Bf3 Kf7 36. Kg2 h6 37. Be1 Kg7 38. Qc2 Kh7 39. g4 Qe7 40. gxf5 gxf5 41.
Kh2 Be8 42. Be2 Qd8 43. a4 Qb6 44. axb5 axb5 45. Bh4 Na5 46. Qc8 Qc6 47. Qd8
Nc4 48. Qe7+ Kg8 49. Qf6 Kh7 50. Qf8 Qd7 51. Bf6 Qf7 52. Qh8+ Kg6 53. Bg5 1-0

[Event "35t. Copenhagen Open (Politiken Cup)"]
[Site "Elsinore"]
[Date "2013.08.01"]
[Round "7"]
[White "Jorgensen, Rasmus"]
[Black "Garberg, Tore"]
[Result "0-1"]
[WhiteElo "2064"]
[BlackElo "1914"]
[PlyCount "184"]
[EventDate "2013.07.27"]
[EventType "swiss"]
[EventRounds "10"]
[EventCountry "DEN"]
[Source "ChessBase"]
[SourceDate "2013.08.26"]

1. c4 e5 2. g3 Nf6 3. Bg2 d5 4. cxd5 Nxd5 5. Nc3 Nb6 6. Nf3 Nc6 7. O-O Be7 8.
a3 O-O 9. b4 Be6 10. Rb1 f6 11. d3 a5 12. b5 Nd4 13. Nxd4 exd4 14. Ne4 a4 15.
Bb2 Bb3 16. Qc1 Ra5 17. Nc5 Bxc5 18. Qxc5 c6 19. Qxd4 Rxb5 20. Rfc1 Qe7 21. Bf3
Rd8 22. Qc3 Qf7 23. h4 h6 24. Kg2 Kh8 25. Rh1 Nd7 26. e4 Rc5 27. Qb4 Rb5 28.
Qc3 Rc5 29. Qd4 Qf8 30. Rbc1 Rb5 31. Be2 Qe7 32. Qe3 Bf7 33. Rc2 Rb3 34. f4 Nc5
35. Bc3 Ne6 36. f5 Nc7 37. Bb4 Nd5 38. Qc5 Qe5 39. exd5 Bxd5+ 40. Kh2 Bxh1 41.
Qxe5 fxe5 42. Kxh1 Kg8 43. Kg2 Kf7 44. Rc4 Rd5 45. Kf3 Kf6 46. Ke4 Rb2 47. Bd1
Rg2 48. Bxa4 Rxg3 49. Bc2 Rg4+ 50. Kf3 Rxc4 51. dxc4 Rd4 52. Ba5 Ke7 53. Bb4+
Ke8 54. Be4 Rxc4 55. Bd6 Rc3+ 56. Kg4 Kf7 57. Kh5 Kf6 58. Bb4 Re3 59. Bb1 b6
60. Bd6 c5 61. Bc7 b5 62. Bb6 Rc3 63. Kg4 Rc4+ 64. Kg3 Rc1 65. Be4 Rc4 66. Bd5
Rc3+ 67. Kg4 h5+ 68. Kxh5 Kxf5 69. Bc6 b4 70. axb4 cxb4 71. Bd7+ Kf6 72. Ba5
Rc4 73. Bd8+ Kf7 74. Ba4 Rc3 75. Kg5 b3 76. Ba5 Rg3+ 77. Kf5 b2 78. Bc2 Rg1 79.
Kxe5 b1=Q 80. Bxb1 Rxb1 81. Bd8 Kg6 82. Kf4 Rb4+ 83. Kg3 Kf5 84. Kf3 Rb3+ 85.
Kg2 Kg4 86. Kf2 Rf3+ 87. Kg2 Ra3 88. Be7 Ra2+ 89. Kf1 Rh2 90. Bf8 Kf3 91. Ke1
g6 92. Be7 Re2+ 0-1

[Event "35t. Copenhagen Open (Politiken Cup)"]
[Site "Elsinore"]
[Date "2013.08.01"]
[Round "7"]
[White "Karlsson, Ulf"]
[Black "Hagen, Anders Gjerdrum"]
[Result "0-1"]
[WhiteElo "1973"]
[BlackElo "2187"]
[PlyCount "68"]
[EventDate "2013.07.27"]
[EventType "swiss"]
[EventRounds "10"]
[EventCountry "DEN"]
[Source "ChessBase"]
[SourceDate "2013.08.26"]

1. e4 c5 2. Nc3 Nc6 3. g3 g6 4. Bg2 Bg7 5. d3 d6 6. f4 e6 7. Nf3 Nge7 8. O-O
O-O 9. Rb1 b6 10. Ne2 Qd7 11. Bd2 Bb7 12. Bc3 e5 13. f5 gxf5 14. exf5 Nd4 15.
g4 f6 16. Ng3 Kh8 17. Bd2 Qa4 18. Nxd4 Qxd4+ 19. Kh1 Bxg2+ 20. Kxg2 c4 21. dxc4
Qxc4 22. b3 Qc6+ 23. Kg1 b5 24. c3 Rg8 25. Nh5 Rac8 26. g5 Bh6 27. g6 hxg6 28.
Bxh6 gxh5+ 29. Kf2 Rg2+ 30. Ke3 Nd5+ 31. Kd3 Qxc3+ 32. Ke4 Nb4 33. Rc1 Rg4+ 34.
Bf4 d5+ 0-1

[Event "35t. Copenhagen Open (Politiken Cup)"]
[Site "Elsinore"]
[Date "2013.08.01"]
[Round "7"]
[White "Kearsley, Raymond J"]
[Black "Andersen, Rune"]
[Result "0-1"]
[WhiteElo "1764"]
[BlackElo "2083"]
[PlyCount "54"]
[EventDate "2013.07.27"]
[EventType "swiss"]
[EventRounds "10"]
[EventCountry "DEN"]
[Source "ChessBase"]
[SourceDate "2013.08.26"]

1. e4 c5 2. d4 cxd4 3. c3 Nf6 4. e5 Nd5 5. Bc4 Nb6 6. Bb3 Nc6 7. Nf3 d6 8. exd6
Qxd6 9. cxd4 Be6 10. Bxe6 Qxe6+ 11. Be3 Nd5 12. O-O Nxe3 13. fxe3 Qxe3+ 14. Kh1
e6 15. Nc3 Be7 16. d5 Rd8 17. Qb3 exd5 18. Qxb7 Qb6 19. Qxb6 axb6 20. Rad1 d4
21. Nb5 O-O 22. Rc1 Rc8 23. Rfe1 d3 24. h3 Rfd8 25. Rxc6 Rxc6 26. Rxe7 d2 27.
Nxd2 Kf8 0-1

[Event "35t. Copenhagen Open (Politiken Cup)"]
[Site "Elsinore"]
[Date "2013.08.01"]
[Round "7"]
[White "Klitgaard, Ebbe"]
[Black "Henninger, Holger"]
[Result "1-0"]
[WhiteElo "1935"]
[BlackElo "1759"]
[PlyCount "81"]
[EventDate "2013.07.27"]
[EventType "swiss"]
[EventRounds "10"]
[EventCountry "DEN"]
[Source "ChessBase"]
[SourceDate "2013.08.26"]

1. d4 Nf6 2. c4 c5 3. d5 b5 4. cxb5 a6 5. Nc3 g6 6. e3 Bg7 7. Nf3 d6 8. Be2 O-O
9. O-O axb5 10. Bxb5 Ba6 11. a4 Nbd7 12. Qd3 Qc8 13. Bxa6 Rxa6 14. Bd2 Ng4 15.
Qc2 Nge5 16. Nxe5 Nxe5 17. Nb5 Qg4 18. f3 Qd7 19. Bc3 Bh6 20. Bd2 f5 21. e4 f4
22. Bc3 Nc4 23. Rf2 Ne3 24. Qe2 Rfa8 25. Bd2 e6 26. dxe6 Qxe6 27. Nc7 Qb3 28.
Nxa8 Rxa8 29. Bxe3 fxe3 30. Rff1 Rxa4 31. Rxa4 Qxa4 32. g3 Qb3 33. Rd1 Qb6 34.
Ra1 Bg7 35. Qc4+ Kf8 36. Ra8+ Ke7 37. Qg8 Bxb2 38. Qxh7+ Ke6 39. Qxg6+ Kd7 40.
Qe8+ Kc7 41. Qc8# 1-0

[Event "35t. Copenhagen Open (Politiken Cup)"]
[Site "Elsinore"]
[Date "2013.08.01"]
[Round "7"]
[White "Kristiansen, Jens"]
[Black "Smerdon, David"]
[Result "0-1"]
[WhiteElo "2396"]
[BlackElo "2521"]
[PlyCount "82"]
[EventDate "2013.07.27"]
[EventType "swiss"]
[EventRounds "10"]
[EventCountry "DEN"]
[Source "ChessBase"]
[SourceDate "2013.08.26"]

1. d4 Nf6 2. Nf3 g6 3. c4 Bg7 4. Nc3 d5 5. Bg5 Ne4 6. cxd5 Nxg5 7. Nxg5 e6 8.
Qd2 h6 9. Nh3 exd5 10. Nf4 O-O 11. e3 Re8 12. Be2 c5 13. dxc5 d4 14. exd4 Bxd4
15. O-O-O Nc6 16. Bf3 Bxc5 17. Qxd8 Rxd8 18. Rxd8+ Nxd8 19. Nd3 Be7 20. Re1
Bg5+ 21. Kc2 Ne6 22. Re4 Rb8 23. Rc4 Bd7 24. Ne5 Be8 25. a4 Bf6 26. Ng4 Bg7 27.
Bd5 Bd7 28. Ne3 a6 29. Kb1 b5 30. axb5 axb5 31. Re4 Kf8 32. Nc2 Nc5 33. Re3 Bf5
34. Ne4 Rd8 35. Nxc5 Rxd5 36. Ne4 Rd1+ 37. Ka2 Rc1 38. Ne1 Bd4 39. Re2 Be6+ 40.
Ka3 Ra1+ 41. Kb4 Bc4 0-1

[Event "35t. Copenhagen Open (Politiken Cup)"]
[Site "Elsinore"]
[Date "2013.08.01"]
[Round "7"]
[White "Leutwyler, Martin"]
[Black "Rasmussen, Henning Lau"]
[Result "1-0"]
[WhiteElo "2180"]
[BlackElo "1835"]
[PlyCount "69"]
[EventDate "2013.07.27"]
[EventType "swiss"]
[EventRounds "10"]
[EventCountry "DEN"]
[Source "ChessBase"]
[SourceDate "2013.08.26"]

1. d4 Nf6 2. Nf3 g6 3. c4 c5 4. Nc3 cxd4 5. Nxd4 Nc6 6. e4 d6 7. Be2 Bg7 8. Be3
Bd7 9. O-O O-O 10. Qd2 Nxd4 11. Bxd4 Bc6 12. f3 a6 13. Rfd1 Nd7 14. Be3 Re8 15.
Rab1 b5 16. cxb5 Bxb5 17. Nxb5 axb5 18. a3 Rb8 19. Qb4 Nc5 20. Bxb5 Rf8 21. a4
Qb6 22. Qe1 Qb7 23. b4 Ne6 24. Be2 Rfc8 25. a5 Bc3 26. Qf1 Qa8 27. Ba6 Rc7 28.
Bb6 Rc6 29. b5 Rcxb6 30. axb6 Bd4+ 31. Rxd4 Nxd4 32. Qc4 Ne6 33. b7 Rxb7 34.
Bxb7 Qxb7 35. Qc6 1-0

[Event "35t. Copenhagen Open (Politiken Cup)"]
[Site "Elsinore"]
[Date "2013.08.01"]
[Round "7"]
[White "Louis, Thibault"]
[Black "Spanton, Timothy"]
[Result "1-0"]
[WhiteElo "2222"]
[BlackElo "2015"]
[PlyCount "41"]
[EventDate "2013.07.27"]
[EventType "swiss"]
[EventRounds "10"]
[EventCountry "DEN"]
[Source "ChessBase"]
[SourceDate "2013.08.26"]

1. e4 e5 2. Nf3 Nc6 3. Bb5 Nf6 4. d3 d6 5. Nc3 g6 6. d4 Bd7 7. dxe5 Nxe5 8.
Nxe5 dxe5 9. Bg5 c6 10. Qf3 Be7 11. Bc4 Bg4 12. Qg3 b5 13. Bxf6 Bxf6 14. Bxb5
Bd7 15. Bc4 O-O 16. O-O Qe7 17. Rad1 Bh4 18. Rxd7 Qxd7 19. Qxh4 Rab8 20. Bb3
Rfd8 21. Qf6 1-0

[Event "35t. Copenhagen Open (Politiken Cup)"]
[Site "Elsinore"]
[Date "2013.08.01"]
[Round "7"]
[White "Maagaard, David Bille"]
[Black "Fossan, Andreas"]
[Result "1-0"]
[WhiteElo "1821"]
[BlackElo "1622"]
[PlyCount "77"]
[EventDate "2013.07.27"]
[EventType "swiss"]
[EventRounds "10"]
[EventCountry "DEN"]
[Source "ChessBase"]
[SourceDate "2013.08.26"]

1. d4 Nf6 2. c4 g6 3. Nc3 Bg7 4. e4 d6 5. Bd3 O-O 6. Nge2 Nc6 7. Bg5 h6 8. Bh4
e5 9. d5 Nd4 10. f3 g5 11. Bf2 Nxe2 12. Bxe2 Nh5 13. g3 f5 14. f4 Nf6 15. fxg5
hxg5 16. Bd3 fxe4 17. Nxe4 Nxe4 18. Bxe4 Qf6 19. Be3 Bf5 20. Qd3 g4 21. O-O-O
Bxe4 22. Qxe4 Qf3 23. Qd3 e4 24. Qd2 Rae8 25. Rdf1 Qxf1+ 26. Rxf1 Rxf1+ 27. Kc2
Rf3 28. b4 b6 29. a4 Re7 30. c5 bxc5 31. bxc5 dxc5 32. d6 Rd7 33. Qd5+ Kf8 34.
Qa8+ Kf7 35. dxc7 Rxc7 36. Qxe4 Re7 37. Qd5+ Ke8 38. Qh5+ Kd7 39. Qxg4+ 1-0

[Event "35t. Copenhagen Open (Politiken Cup)"]
[Site "Elsinore"]
[Date "2013.08.01"]
[Round "7"]
[White "Madison, Sigurd"]
[Black "Hyldkrog, Lars"]
[Result "1/2-1/2"]
[WhiteElo "1792"]
[BlackElo "2009"]
[PlyCount "95"]
[EventDate "2013.07.27"]
[EventType "swiss"]
[EventRounds "10"]
[EventCountry "DEN"]
[Source "ChessBase"]
[SourceDate "2013.08.26"]

1. e4 c5 2. Nf3 Nc6 3. d4 cxd4 4. Nxd4 Nf6 5. Nc3 e5 6. Nb3 Bb4 7. Bc4 O-O 8.
Qd3 Bxc3+ 9. bxc3 Qc7 10. Bg5 Nh5 11. g3 h6 12. Bd2 d6 13. h3 Be6 14. Bd5 Bxd5
15. exd5 e4 16. Qe2 Ne5 17. Qxh5 Nf3+ 18. Ke2 Qc4+ 19. Kd1 Rfe8 20. Nd4 Nxd4
21. cxd4 Qxd4 22. c3 Qxf2 23. Qe2 Qxg3 24. Kc2 e3 25. Bc1 Qe5 26. Qd3 Rac8 27.
Bb2 Rc5 28. c4 Qe4 29. Qxe4 Rxe4 30. Kd3 Rexc4 31. Rac1 Rxc1 32. Rxc1 Rxd5+ 33.
Kxe3 Rh5 34. Rh1 g5 35. Ke4 Rh4+ 36. Kd5 g4 37. Rg1 f5 38. hxg4 fxg4 39. Bf6
Rh2 40. Rxg4+ Kf7 41. Bd4 Rxa2 42. Rg7+ Kf8 43. Rxb7 h5 44. Bxa7 h4 45. Kxd6
Ra6+ 46. Ke5 h3 47. Rb8+ Kg7 48. Rb2 1/2-1/2

[Event "35t. Copenhagen Open (Politiken Cup)"]
[Site "Elsinore"]
[Date "2013.08.01"]
[Round "7"]
[White "Marshall, Michael"]
[Black "Greibrokk, Ingrid Andrea"]
[Result "0-1"]
[WhiteElo "1839"]
[BlackElo "1598"]
[PlyCount "62"]
[EventDate "2013.07.27"]
[EventType "swiss"]
[EventRounds "10"]
[EventCountry "DEN"]
[Source "ChessBase"]
[SourceDate "2013.08.26"]

1. d4 Nf6 2. Nf3 e6 3. e3 c5 4. Bd3 b6 5. O-O Bb7 6. c4 cxd4 7. exd4 d5 8. Nc3
dxc4 9. Bxc4 Nd5 10. Ne5 a6 11. Qf3 Qf6 12. Bxd5 exd5 13. Qxf6 gxf6 14. Ng4 Nd7
15. Re1+ Kd8 16. Bf4 Rg8 17. Ne3 Bb4 18. Rac1 Bxc3 19. Rxc3 Rc8 20. Rxc8+ Kxc8
21. Rc1+ Kd8 22. Rc7 Ba8 23. Rc1 h5 24. Nf5 Nf8 25. Nd6 Kd7 26. Nf5 Ne6 27. f3
Nxf4 28. Ng3 Rxg3 29. hxg3 Ne2+ 30. Kf2 Nxc1 31. Ke3 Nxa2 0-1

[Event "35t. Copenhagen Open (Politiken Cup)"]
[Site "Elsinore"]
[Date "2013.08.01"]
[Round "7"]
[White "Martinez Vestergaard, Kristian"]
[Black "Hansen, Martin Mandrup"]
[Result "0-1"]
[WhiteElo "1809"]
[BlackElo "1537"]
[PlyCount "56"]
[EventDate "2013.07.27"]
[EventType "swiss"]
[EventRounds "10"]
[EventCountry "DEN"]
[Source "ChessBase"]
[SourceDate "2013.08.26"]

1. e4 e6 2. d4 d5 3. Nd2 c5 4. c3 Nc6 5. Ngf3 Qb6 6. exd5 exd5 7. dxc5 Bxc5 8.
Qe2+ Nge7 9. Nb3 Bd6 10. Be3 Qc7 11. Nfd4 a6 12. g3 O-O 13. Bg2 Ne5 14. Bf4 Bg4
15. f3 Bd7 16. O-O-O Nc4 17. Bxd6 Qxd6 18. f4 Qb6 19. Qxe7 Bc6 20. Qg5 h6 21.
Qh4 a5 22. Bf1 a4 23. Bxc4 dxc4 24. Nxc6 axb3 25. Ne7+ Kh7 26. Nd5 Qg6 27. axb3
Ra1+ 28. Kd2 Qd3+ 0-1

[Event "35t. Copenhagen Open (Politiken Cup)"]
[Site "Elsinore"]
[Date "2013.08.01"]
[Round "7"]
[White "Maze, Sebastien"]
[Black "Mikkelsen, Nikolaj"]
[Result "1-0"]
[WhiteElo "2547"]
[BlackElo "2418"]
[PlyCount "69"]
[EventDate "2013.07.27"]
[EventType "swiss"]
[EventRounds "10"]
[EventCountry "DEN"]
[Source "ChessBase"]
[SourceDate "2013.08.26"]

1. e4 c5 2. Nf3 d6 3. c3 Nf6 4. h3 g6 5. Bd3 Bg7 6. Bc2 O-O 7. d4 Nc6 8. d5 Na5
9. O-O e6 10. Na3 exd5 11. exd5 b5 12. Nxb5 Ba6 13. a4 c4 14. Bf4 Bxb5 15. axb5
Rb8 16. Bxd6 Qxd6 17. Rxa5 Qb6 18. Ra2 Qxb5 19. d6 Rfd8 20. Qd4 Rb6 21. Rd1 Ne8
22. Qe3 Rdxd6 23. Rxa7 Re6 24. Qf4 Rf6 25. Qc1 Qxb2 26. Ra8 Rfe6 27. Ba4 Qxc1
28. Rxc1 Kf8 29. Ng5 Re5 30. f4 Re2 31. Bxe8 Rxe8 32. Nxh7+ Ke7 33. Re1+ Re6
34. Rxe6+ fxe6 35. Ra7+ 1-0